Govt. of
Madhya Pradesh

सामान्‍य बुद्धि एवं तर्कशक्ति परीक्षण (Record no. 63037)

MARC details
000 -LEADER
fixed length control field 00390nam a22001097a 4500
082 ## - DEWEY DECIMAL CLASSIFICATION NUMBER
Classification number 160
100 ## - MAIN ENTRY--AUTHOR NAME
Personal name झा,सुशीन
245 ## - TITLE STATEMENT
Title सामान्‍य बुद्धि एवं तर्कशक्ति परीक्षण
260 ## - PUBLICATION, DISTRIBUTION, ETC. (IMPRINT)
Place of publication नई दिल्‍ली
Name of publisher Guider Competitive Group
Year of publication 2020
650 ## - SUBJECT ADDED ENTRY--TOPICAL TERM
Topical Term तर्कशक्ति
942 ## - ADDED ENTRY ELEMENTS (KOHA)
Koha item type Hindi Books
Holdings
Withdrawn status Lost status Damaged status Not for loan Home library Current library Date acquired Cost, normal purchase price Full call number Accession Number Price effective from Koha item type
        MACL MACL 29/08/2020 279.00 160 GCLC00807 29/08/2020 Hindi Books
        MACL MACL 29/08/2020 279.00 160 GCLC00808 29/08/2020 Hindi Books